000 00737nam a2200205 i 4500
001 62064
003 ES-MaACL
005 20251105063131.0
007 t|
008 031117s1910 sp ||||1| spa d
100 1 _aFaura i Sans, M.,
_d1883-1941
_948954
245 1 0 _aRdo. Dr. D. Norberto Font y Sagué presbítero
_b: (noticia necrológica) /
_cMariano Faura i Sans.
260 _a[S.l. :
_bs.n.,
_c1910]
300 _a7 h., 1 lám. ;
_c23 cm.
500 _aEs tirada aparte: del Boletin de la Real Sociedad española de Historia natural- Mayo 1910.
500 _aLam. de retr. del Sr. Font y Sagué.
600 1 4 _aFont y Sagué, Norbert,
_d1874-1910
_951575
852 _aES-MaACL
_jT-1214-F-8
999 _c62064
_d62064